WWE Champs after Wrestlemania 40 - Statistics

General Stats
  • This quiz has been taken 289 times
  • The average score is 10 of 12
Answer Stats
Hint Answer % Correct
WWE Unisputed Cody Rhodes
97%
United States Logan Paul
95%
Raw Tag Team the Miz
94%
Raw Tag Team R-Truth
93%
Intercontinental Sami Zayn
92%
World Heavyweight Damian Priest
91%
WWE Women Bayley
89%
World Women Rhea Ripley
89%
Smackdown Tag Team Austin Theory
87%
Smackdown Tag Team Grayson Waller
84%
Women Tag Team Asuka
69%
Women Tag Team Kairi Sane
62%
No matching quizzes found
Score Distribution
Percent of People with Each Score
Percentile by Number Answered
Your Score History
You have not taken this quiz